00497nam a22001692 4500001001100000005001700011008004100028020001700069040001500086100003500101245005700136250001300193260005800206300001200264651004800276852000300324000001895120151217155900.0100818s xx 000 0 eng d a1872566006 : aKABUcKABU1 aSutton, John E. G.@000017844912aA Thousnd years of East Africa /cJohn E. G. Sutton. a1st ed. aLondon :bBritish Institute in Eastern Africa,c1990. a111 p. 0aAfrica, EastxHistoryyTo 1886.@00001614251